top 20 least populated countries - Statistics

General Stats
  • This quiz has been taken 20 times
  • The average score is 17 of 20
Answer Stats
Hint Answer % Correct
8 Oceania Marshall Islands
100%
10 Europe Andorra
95%
3 Oceania Nauru
95%
15 Oceania Tonga
95%
1 Europe Vatican City
95%
12 Caribbean Antigua And Barbuda
90%
6 Europe Liechtenstein
90%
7 Europe Monaco
90%
5 Europe San Marino
90%
2 Oceania Tuvalu
90%
4 Oceania Palau
85%
20 Africa Sao Tome and Principe
85%
13 Africa Seychelles
85%
16 Caribbean Grenada
80%
18 Oceania Kiribati
80%
14 Oceania Micronesia
80%
11 Caribbean Dominica
75%
19 Caribbean Saint Lucia
60%
9 Caribbean Saint Kitts and Nevis
55%
17 Caribbean Saint Vincent and the Grenadines
55%
No matching quizzes found
Score Distribution
Percent of People with Each Score
Percentile by Number Answered
Your Score History
You have not taken this quiz